000 00305nam a22001331a 4500
082 _aM1
_bKAV/T
245 _aThannantu Kavita 1994/
260 _aErnakulam:
_bKavisamajam,
_c1994.
300 _a74p.
650 _aPoetry Malayalam
650 _aLiterature Malayalam
650 _aLiterature
942 _cBK
999 _c46574
_d46574